000 00522cam a22002171 4500
001 sa 68009573
003 DLC
005 20260227112544.0
008 940803q19671968np 000 1 nepo
010 _asa 68009573
025 _aPL480:N-571
035 _a(OCoLC)30877944
040 _aDLC
_cCU
_dCU
_dDLC
042 _apremarc
050 0 0 _aPK2598.D37
_bC3 1967
100 1 _aDevkota, Laxmi Prasad,
_d1908-1959.
245 1 0 _aCampā
260 _c[1967 or 8]
300 _a2, 78 p.
_c18 cm.
500 _aIn Nepali.
999 _c82997
_d82997